Statistiques concernant Mouvements politiques par pays

Cliquez ici pour prendre le quiz!

Statistiques générales

  • Ce quiz a été pris 601 fois
  • Le résultat moyen est 13 sur 20

Statistiques - réponses

GroupePays% Correct
NazisAllemagne
100%
BolcheviksRussie
98%
TalibanAfghanistan
95%
Parti QuébécoisCanada
91%
Alliance néo-flamandeBelgique
84%
Corsica LiberaFrance
81%
HamasPalestine (Israël)
76%
Khmers RougesCambodge
71%
Tea PartyÉtats-Unis
71%
HezbollahLiban
61%
Aum ShinrikyōJapon
54%
SolidarnośćPologne
54%
FARCColombie
50%
KuomintangChine / Taïwan
48%
Congrès national africainAfrique du Sud
47%
Euskadi ta AskatasunaEspagne / France
41%
Sinn FéinIrlande / Royaume-Uni
38%
Bull Moose PartyÉtats-Unis
35%
PéronismeArgentine
34%
LikoudIsraël
33%

Distribution des résultats

Percentile par nombre de réponses

% des personnes avec chaque résultat

Votre développement - résultats

Vous n’avez pas pris ce quiz